Human rights and traditional justice / (Record no. 88833)

MARC details
000 -LEADER
fixed length control field 00681nam a22002057a 4500
005 - DATE AND TIME OF LATEST TRANSACTION
control field 20140925122216.0
010 ## - LCCN (DPL NO)
LC control number ENG-110914
020 ## - INTERNATIONAL STANDARD BOOK NUMBER
International Standard Book Number 9788192958262
Terms of availability 610.00
035 ## - SYSTEM CONTROL NUMBER
System control number EN-94446
037 ## - SOURCE OF ACQUISITION
Source of stock number/acquisition DBAD/PUB
082 ## - DEWEY DECIMAL CLASSIFICATION NUMBER
Classification number 323
100 ## - MAIN ENTRY--PERSONAL NAME
Personal name Mishra, Saroj Kr.
245 ## - TITLE STATEMENT
Title Human rights and traditional justice /
Statement of responsibility, etc by Saroj Kr. Mishra [and] Ajay Kumar Yadav
260 ## - PUBLICATION, DISTRIBUTION, ETC. (IMPRINT)
Place of publication, distribution, etc New Delhi
Name of publisher, distributor, etc Gyan Geeta Prakashan
Date of publication, distribution, etc 2014
270 ## - ADDRESS
Address F-7, Gali no. 1, Panchsheel Garden Ext. Naveen Shahdara
City New Delhi
Postal code 110032
300 ## - PHYSICAL DESCRIPTION
Extent 296p.
Dimensions 22cm(Hb)
500 ## - GENERAL NOTE
General note Includes bibliographical references and index
700 ## - ADDED ENTRY--PERSONAL NAME
Personal name Yadav, Ajay Kumar
942 ## - ADDED ENTRY ELEMENTS (KOHA)
Source of classification or shelving scheme Dewey Decimal Classification
Item type English Books
Call number suffix MIS
Classification part 323
Holdings
Withdrawn status Lost status Not for loan Collection code Home library Current library Date acquired Source of acquisition Cost, normal purchase price Full call number Barcode Copy number Cost, replacement price Koha item type
    Not For Loan Non-fiction D.B.Act.Division D.B.Act.Division 19/09/2014 DBAD/PUB 610.00 323 MIS EN-94446 1 610.00 English Books

© Delhi Public Library
Hit Counter
free hit counter